CS:2 - Bronie, granaty, kosy, przedmioty - Statystyki

Ogólne statystyki
  • Ten quiz został rozwiązany 137 razy
    136 od ostatniego zresetowania
  • Średni wynik to 25 z 70
Statystyki odpowiedzi
Broń Typ broni % Poprawnych
USP-S Pistolet
79%
Glock-18 Pistolet
78%
AK-47 Karabin
77%
P2000 Pistolet
77%
M4A1-S Karabin
72%
P250 Pistolet
72%
Desert Eagle Pistolet
70%
M4A4 Karabin
69%
AWP Karabin
68%
Five-SeveN Pistolet
65%
Negev Broń ciężka
64%
Tec-9 Pistolet
64%
Karambit Nóż
57%
Nova Broń ciężka
57%
Dwie Beretty Pistolet
52%
MAC-10 Pistolet Maszynowy
52%
MP9 Pistolet Maszynowy
52%
P90 Pistolet Maszynowy
51%
FAMAS Karabin
49%
Galil AR Karabin
49%
Granat dymny Granat
49%
MP7 Pistolet Maszynowy
48%
Wabik Granat
48%
AUG Karabin
46%
MAG-7 Broń ciężka
46%
Obrzyn Broń ciężka
44%
SCAR-20 Karabin
43%
Rewolwer R8 Pistolet
42%
M249 Broń ciężka
41%
SSG 08 Karabin
41%
UMP-45 Pistolet Maszynowy
40%
Koktajl Mołotowa Granat
39%
Nóż motylkowy Nóż
39%
Granat błyskowo-hukowy Granat
38%
Granat zaczepny Granat
38%
Bagnet Nóż
37%
Granat zapalający Granat
37%
PP-Bizon Pistolet Maszynowy
37%
SG 553 Karabin
37%
XM1014 Broń ciężka
35%
CZ75-Auto Pistolet
34%
G3SG1 Karabin
32%
MP5-SD Pistolet Maszynowy
31%
Sztylet Nóż
29%
Bagnet M9 Nóż
25%
Navaja Nóż
23%
Nóż myśliwski Nóż
21%
Zeus x27 Przedmiot
20%
Nóż składany Nóż
19%
Szpon Nóż
19%
Nóż Bowie Nóż
18%
Nóż T Nóż
16%
Ładunek C4 Przedmiot
15%
Nóż CT Nóż
15%
Nóż paracord Nóż
14%
Nóż Ursus Nóż
14%
Sztylety cienia Nóż
14%
Nóż survivalowy Nóż
11%
Nóż szkieletowy Nóż
11%
Granat Taktyczny Granat
10%
Klasyczny nóż Nóż
8%
Nóż nomada Nóż
8%
Złoty nóż Nóż
7%
Nóż Falcjona Nóż
5%
Nóż do patroszenia Nóż
4%
Agent CT Przedmiot
3%
Agent T Przedmiot
3%
Zestaw utworów Przedmiot
3%
Rękawice CT Przedmiot
2%
Rękawice T Przedmiot
2%
Nie znaleziono quizów pasujących do podanych kryteriów
Rozkład punktacji
Procent ludzi z każdym wynikiem
Percentyl według liczby udzielonych odpowiedzi
Twoja historia wyników
Nie rozwiązałeś tego quizu od ostatniego zresetowania